000
00213nam a22000857a 4500
008
161207b xxu||||| |||| 00| 0 eng d
100
_9
1940
_a
Bhatia.M.S.
245
_a
Mental Disorders
260
_a
New Delhi
_b
N.B.T.
_c
2006
999
_c
4720
_d
4720